Voxographie de Donald Reignoux en images - Statistiques

Statistiques générales
  • Ce quiz a été pris 346 fois
  • Le résultat moyen est 9 sur 16
Statistiques - réponses
Par images Réponse % Correct
Titeuf
100%
Peter Parker / Spider-Man
96%
Andy
83%
Phinéas Flynn
78%
Benjamin Grimm / La Chose
72%
Loulou
72%
Hugo
69%
Harold
57%
Reese
57%
Kristoff
53%
Petit-Pied
53%
Melman
46%
Kamek
33%
Félix Fix Jr
25%
Robin Trépide
12%
Daniel Atlas
9%
Aucun quiz correspondant
Distribution des résultats
% des personnes avec chaque résultat
Percentile par nombre de réponses
Votre historique - résultats
Vous n’avez pas pris ce quiz